[Event "IECC TH-M-3395"]
[Site "IECC email"]
[Date "2019.06.08"]
[Round "?"]
[White "Koh, Kah Huat"]
[Black "Kamanel Zamora, Juan Felipe"]
[Result "1/2-1/2"]
[WhiteElo "2138"]
[BlackElo "2221"]
[PlyCount "100"]
[EventDate "2019.??.??"]
[EventType "tourn (corr)"]
[SourceTitle "Corr 2024"]
[Source "ChessBase"]
[SourceDate "2023.10.19"]
[SourceVersion "1"]
[SourceVersionDate "2023.10.19"]
[SourceQuality "1"]
[WhiteTeam "Singapur"]
[BlackTeam "Kuba"]
[WhiteTeamCountry "SIN"]
[BlackTeamCountry "CUB"]

1. c4 c5 2. g3 Nc6 3. Bg2 g6 4. Nc3 Bg7 5. d3 Nf6 6. e4 d6 7. Nge2 0-0 8. a3 a5 9. 0-0 Ne8 10. Be3 Nd4 11. a4 Nc7 12. Rb1 Na6 13. Nb5 Qb6 14. Nec3 Qd8 15. Qd2 Bd7 16. f4 Nb4 17. f5 Nb3 18. Qd1 Nd4 19. Ne2 Nbc2 20. Bg5 Bxb5 21. axb5 Ra7 22. Kh1 Bf6 23. Bd2 b6 24. Nf4 Nb4 25. Bc3 Qe8 26. Qg4 Bg7 27. Qh4 Bf6 28. Qh3 Be5 29. Rf2 a4 30. Rbf1 a3 31. bxa3 Rxa3 32. Bb2 Ra2 33. Bxd4 Bxd4 34. Rxa2 Nxa2 35. Nd5 Qd8 36. Qh4 Kg7 37. g4 Nb4 38. Nxe7 f6 39. Nc6 Nxc6 40. bxc6 Be5 41. fxg6 hxg6 42. g5 fxg5 43. Qg4 Qc8 44. Qd7+ Qxd7 45. cxd7 Rxf1+ 46. Bxf1 Bf6 47. Kg1 Kf7 48. Be2 Ke7 49. Bg4 Be5 50. h3 Bd4+ 1/2-1/2

[Event "IECC CL1-2018.01 email"]
[Site "IECC email"]
[Date "2018.02.14"]
[Round "?"]
[White "Koh, Kah Huat"]
[Black "Holanda, Dogeval Ferreira"]
[Result "1/2-1/2"]
[WhiteElo "2119"]
[BlackElo "2193"]
[PlyCount "64"]
[EventDate "2018.??.??"]
[EventType "tourn (corr)"]
[EventRounds "4"]
[SourceTitle "Corr 2020"]
[Source "ChessBase"]
[SourceDate "2019.09.30"]
[SourceVersion "1"]
[SourceVersionDate "2019.09.30"]
[SourceQuality "1"]
[WhiteTeam "Singapore"]
[BlackTeam "Brazil"]
[WhiteTeamCountry "SIN"]
[BlackTeamCountry "BRA"]

1. d4 Nf6 2. c4 e6 3. Nf3 b6 4. e3 Bb7 5. Bd3 d5 6. cxd5 exd5 7. Nc3 Bd6 8. b3 Nbd7 9. Bb2 0-0 10. 0-0 a6 11. Rc1 Re8 12. Ne2 Ne4 13. Ng3 g6 14. Qc2 Rc8 15. Qe2 a5 16. Rc2 h5 17. Rfc1 c6 18. Ba6 Bxa6 19. Qxa6 Bxg3 20. hxg3 g5 21. Ba3 Kg7 22. b4 axb4 23. Bxb4 Re6 24. Qe2 g4 25. Nh4 c5 26. Be1 Qg5 27. dxc5 bxc5 28. f3 gxf3 29. gxf3 Nd6 30. Qd1 Qxe3+ 31. Bf2 Qg5 32. f4 Qg4 1/2-1/2

[Event "IECC CL1-2018.01 email"]
[Site "IECC email"]
[Date "2018.02.14"]
[Round "?"]
[White "Koh, Kah Huat"]
[Black "Wittal, Werner"]
[Result "1-0"]
[WhiteElo "2121"]
[BlackElo "2076"]
[PlyCount "75"]
[EventDate "2018.??.??"]
[EventType "tourn (corr)"]
[EventRounds "4"]
[SourceTitle "Corr 2020"]
[Source "ChessBase"]
[SourceDate "2019.09.30"]
[SourceVersion "1"]
[SourceVersionDate "2019.09.30"]
[SourceQuality "1"]
[WhiteTeam "Singapore"]
[BlackTeam "Germany"]
[WhiteTeamCountry "SIN"]
[BlackTeamCountry "GER"]

1. d4 Nf6 2. c4 e6 3. Nf3 Bb4+ 4. Nbd2 0-0 5. a3 Be7 6. e4 d5 7. e5 Nfd7 8. Bd3 c5 9. h4 h6 10. Bb1 cxd4 11. cxd5 exd5 12. Qc2 f5 13. Nb3 Nc6 14. Bf4 Nb6 15. Ba2 Nc4 16. Rd1 Qb6 17. 0-0 Kh8 18. Rfe1 Bd7 19. Qe2 Rae8 20. Nbxd4 Nxd4 21. Rxd4 Be6 22. Rdd1 Rd8 23. h5 Rde8 24. g3 a6 25. Kg2 Rd8 26. Rc1 Bf7 27. b3 Nxa3 28. e6 Bxh5 29. Bc7 Qb4 30. Bxd8 Bxd8 31. Qd3 d4 32. Ne5 Kh7 33. g4 Be8 34. Nd7 Rg8 35. Re5 g6 36. Rc8 Qe7 37. b4 Nb5 38. Rd5 1-0

[Event "IECC O-4614"]
[Site "IECC email"]
[Date "2017.10.23"]
[Round "?"]
[White "Tamayo, Rommel"]
[Black "Koh, Kah Huat"]
[Result "1/2-1/2"]
[WhiteElo "2198"]
[BlackElo "2110"]
[PlyCount "102"]
[EventDate "2017.??.??"]
[EventType "swiss (corr)"]
[EventRounds "2"]
[SourceTitle "Corr 2020"]
[Source "ChessBase"]
[SourceDate "2019.09.30"]
[SourceVersion "1"]
[SourceVersionDate "2019.09.30"]
[SourceQuality "1"]
[WhiteTeam "Cuba"]
[BlackTeam "Singapore"]
[WhiteTeamCountry "CUB"]
[BlackTeamCountry "SIN"]

1. e4 d6 2. d4 Nf6 3. Nc3 g6 4. Be3 Bg7 5. Qd2 c6 6. f3 b5 7. g4 h5 8. g5 Nfd7 9. a3 Nb6 10. f4 a5 11. Nf3 d5 12. exd5 b4 13. Nd1 bxa3 14. Rxa3 Qxd5 15. Qf2 Nc4 16. Ra4 Nb6 17. Nc3 Qd6 18. Ra1 Bf5 19. Bg2 Nc4 20. Bc1 Qe6+ 21. Ne5 Nxe5 22. dxe5 f6 23. gxf6 exf6 24. Nb5 cxb5 25. Bxa8 fxe5 26. 0-0 0-0 27. Qc5 Rc8 28. Qd5 Nc6 29. Qxe6+ Bxe6 30. Bxc6 Rxc6 31. c3 a4 32. fxe5 Bxe5 33. Bh6 Bd6 34. Be3 Bc4 35. Rf3 Be7 36. Bd4 Re6 37. Re3 Rxe3 38. Bxe3 Kf7 39. Re1 g5 40. Kg2 Kg6 41. Bf2 a3 42. bxa3 Bxa3 43. Rd1 Be7 44. Re1 Ba3 45. Rd1 Be7 46. Rd7 Kf6 47. Rd2 Kf5 48. h3 Be6 49. Be3 g4 50. hxg4+ Kxg4 51. Rd4+ Kf5 1/2-1/2

[Event "P-4902"]
[Site "IECC email"]
[Date "2014.05.27"]
[Round "?"]
[White "Koh, Kah Huat"]
[Black "Futida, Souitiro"]
[Result "1/2-1/2"]
[WhiteElo "1876"]
[BlackElo "2024"]
[PlyCount "86"]
[EventDate "2014.??.??"]
[EventType "tourn (corr)"]
[SourceTitle "Corr 2020"]
[Source "ChessBase"]
[SourceDate "2019.09.30"]
[SourceVersion "1"]
[SourceVersionDate "2019.09.30"]
[SourceQuality "1"]
[WhiteTeam "Singapore"]
[BlackTeam "Brazil"]
[WhiteTeamCountry "SIN"]
[BlackTeamCountry "BRA"]

1. d4 Nf6 2. c4 e6 3. Nf3 b6 4. g3 Ba6 5. Qc2 c5 6. d5 exd5 7. cxd5 Bb7 8. Bg2 Nxd5 9. 0-0 Nc6 10. Rd1 Ncb4 11. Qc4 Nc7 12. a3 d5 13. Qb3 Nc6 14. Nc3 d4 15. Ne5 Nxe5 16. Bxb7 Rb8 17. Bg2 Bd6 18. Ne4 0-0 19. e3 Nc6 20. Qa4 b5 21. Qc2 Ne6 22. f4 f5 23. Ng5 Nxg5 24. Bxc6 Ne4 25. Bxe4 fxe4 26. exd4 Qe7 27. Be3 c4 28. Qe2 a6 29. a4 Qe6 30. axb5 axb5 31. d5 Qf5 32. Ra6 Rfd8 33. Kg2 Rb7 34. h3 Bf8 35. d6 Rbd7 36. g4 Qf7 37. Rb6 Rxd6 38. Rdxd6 Bxd6 39. Rxb5 g6 40. f5 Bf8 41. Qf2 Qe8 42. Rb6 Rd3 43. Ra6 Rd6 1/2-1/2

[Event "IECC Swiss-565.3"]
[Site "IECC email"]
[Date "2013.10.25"]
[Round "?"]
[White "Von Rosenberg, Clemens"]
[Black "Koh, Kah Huat"]
[Result "0-1"]
[WhiteElo "1004"]
[BlackElo "1849"]
[PlyCount "44"]
[EventDate "2013.??.??"]
[EventType "swiss (corr)"]
[EventRounds "1"]
[SourceTitle "Telechess CBM 165"]
[Source "ChessBase"]
[SourceDate "2015.03.11"]
[SourceVersion "1"]
[SourceVersionDate "2015.03.11"]
[SourceQuality "1"]
[BlackTeam "Singapore"]
[BlackTeamCountry "SIN"]

1. e4 d6 2. d4 Nf6 3. Nc3 g6 4. Be2 Bg7 5. Nf3 0-0 6. 0-0 Nc6 7. h3 e5 8. d5 Ne7 9. Be3 c6 10. dxc6 bxc6 11. Qd2 Qc7 12. Bh6 d5 13. Bxg7 Kxg7 14. exd5 Nfxd5 15. Nxd5 cxd5 16. c3 f6 17. Rfd1 Be6 18. Kf1 Rfd8 19. b3 Rac8 20. Rac1 Rd6 21. c4 Rc6 22. Ne1 dxc4 0-1

[Event "IECC CL3-2013.04 email"]
[Site "IECC email"]
[Date "2013.07.24"]
[Round "?"]
[White "Rodrigues, Paulo Odonel"]
[Black "Koh, Kah Huat"]
[Result "1/2-1/2"]
[WhiteElo "1952"]
[BlackElo "1840"]
[PlyCount "54"]
[EventDate "2013.??.??"]
[EventType "tourn (corr)"]
[EventRounds "4"]
[SourceTitle "Telechess CBM 165"]
[Source "ChessBase"]
[SourceDate "2015.03.11"]
[SourceVersion "1"]
[SourceVersionDate "2015.03.11"]
[SourceQuality "1"]
[WhiteTeam "Brazil"]
[BlackTeam "Singapore"]
[WhiteTeamCountry "BRA"]
[BlackTeamCountry "SIN"]

1. e4 d6 2. d4 Nf6 3. Nc3 g6 4. Nf3 Bg7 5. Be2 0-0 6. 0-0 Bg4 7. Be3 Nc6 8. Nd2 Bxe2 9. Qxe2 Nd7 10. Nf3 e6 11. Rfd1 a6 12. a4 h6 13. a5 Re8 14. h3 g5 15. Qc4 Qf6 16. b4 Qe7 17. b5 axb5 18. Qxb5 Reb8 19. a6 Na7 20. Qd3 c5 21. axb7 Rxb7 22. dxc5 dxc5 23. Ra6 Rc8 24. Na4 Nc6 25. Qe2 Nb4 26. Ra5 c4 27. g3 Nc6 1/2-1/2

[Event "IECC M1-2012.T003"]
[Site "IECC email"]
[Date "2012.01.27"]
[Round "?"]
[White "Boyce, Harry"]
[Black "Koh, Kah Huat"]
[Result "1/2-1/2"]
[WhiteElo "1911"]
[BlackElo "1662"]
[PlyCount "73"]
[EventDate "2012.??.??"]
[EventType "match (corr)"]
[EventRounds "2"]
[SourceTitle "Telechess CBM 165"]
[Source "ChessBase"]
[SourceDate "2015.03.11"]
[SourceVersion "1"]
[SourceVersionDate "2015.03.11"]
[SourceQuality "1"]
[WhiteTeam "Australia"]
[BlackTeam "Singapore"]
[WhiteTeamCountry "AUS"]
[BlackTeamCountry "SIN"]

1. e4 d6 2. d4 Nf6 3. Nc3 g6 4. f3 Bg7 5. Be3 0-0 6. Qd2 e5 7. Nge2 exd4 8. Nxd4 d5 9. e5 Nfd7 10. Bg5 Qe8 11. 0-0-0 c6 12. f4 Nc5 13. Kb1 Ne6 14. Bh4 Nxd4 15. Qxd4 Be6 16. Qb4 Qc8 17. Be7 Re8 18. Bd6 Nd7 19. h4 Bg4 20. Be2 Nb6 21. b3 h5 22. Bf3 Qe6 23. Ne2 Nc8 24. Nd4 Qd7 25. Bxg4 hxg4 26. h5 Nxd6 27. Qxd6 Qxd6 28. exd6 Rad8 29. hxg6 fxg6 30. Rh4 Re4 31. c3 g3 32. Rd3 Rxd6 33. Rxg3 a5 34. Kc2 Bxd4 35. cxd4 Rxd4 36. Rgh3 Kg7 37. Rh7+ 1/2-1/2

[Event "IECC CL4-2011.09 email"]
[Site "IECC email"]
[Date "2012.01.05"]
[Round "?"]
[White "Bertel, Michael"]
[Black "Koh, Kah Huat"]
[Result "0-1"]
[WhiteElo "1702"]
[BlackElo "1672"]
[PlyCount "130"]
[EventDate "2011.??.??"]
[EventType "tourn (corr)"]
[EventRounds "4"]
[SourceTitle "Telechess CBM 165"]
[Source "ChessBase"]
[SourceDate "2015.03.11"]
[SourceVersion "1"]
[SourceVersionDate "2015.03.11"]
[SourceQuality "1"]
[WhiteTeam "US of America"]
[BlackTeam "Singapore"]
[WhiteTeamCountry "USA"]
[BlackTeamCountry "SIN"]

1. d4 f5 2. e3 e6 3. Nf3 Nf6 4. c4 d5 5. Be2 Bd6 6. Nc3 c6 7. c5 Bc7 8. 0-0 0-0 9. b4 Nbd7 10. b5 Ne4 11. Bb2 g5 12. Nd2 Nxd2 13. Qxd2 g4 14. f4 gxf3 15. Bxf3 Qh4 16. g3 Qh6 17. a4 Nf6 18. a5 a6 19. b6 Bd8 20. Qe2 Bd7 21. Rae1 Be7 22. Bg2 Be8 23. Qd3 Ng4 24. h3 Nf6 25. Qd1 Bh5 26. Qc2 Rf7 27. Bc1 Qg6 28. Kh2 Rg7 29. Qf2 Rf8 30. Qf4 Ne4 31. Nxe4 fxe4 32. Qe5 Bf3 33. Bxf3 exf3 34. Rf2 Qe4 35. Qxe4 dxe4 36. Rc2 Kf7 37. Rg1 Rfg8 38. Bd2 Rg5 39. Bb4 Rd5 40. Re1 h5 41. Ba3 e5 42. Bb2 Ke6 43. Rg1 exd4 44. Bxd4 Rxd4 45. exd4 Kd5 46. Re1 Bg5 47. Rf1 Bf6 48. Re1 Bxd4 49. Rd2 Ke5 50. Red1 Rd8 51. h4 e3 52. Re1 Ke4 53. Kh1 Rf8 54. Rf2 Bc3 55. Rxe3+ Kxe3 56. Kg1 Be1 57. Ra2 Bxg3 58. Ra3+ Ke4 59. Ra4+ Kf5 60. Ra3 Kg4 61. Ra4+ Rf4 62. Ra1 Re4 63. Rf1 Re8 64. Kh1 Kh3 65. Rg1 Re3 0-1

[Event "IECC CL4-2011.09 email"]
[Site "IECC email"]
[Date "2012.01.05"]
[Round "?"]
[White "Koh, Kah Huat"]
[Black "Martins, Karin"]
[Result "1/2-1/2"]
[WhiteElo "1657"]
[BlackElo "1771"]
[PlyCount "51"]
[EventDate "2011.??.??"]
[EventType "tourn (corr)"]
[EventRounds "4"]
[SourceTitle "Telechess CBM 165"]
[Source "ChessBase"]
[SourceDate "2015.03.11"]
[SourceVersion "1"]
[SourceVersionDate "2015.03.11"]
[SourceQuality "1"]
[WhiteTeam "Singapore"]
[BlackTeam "Germany"]
[WhiteTeamCountry "SIN"]
[BlackTeamCountry "GER"]

1. d4 d5 2. c4 dxc4 3. Nf3 Nf6 4. e3 e6 5. Bxc4 c5 6. Qe2 a6 7. dxc5 Bxc5 8. 0-0 b5 9. Bd3 0-0 10. e4 e5 11. a4 Bb7 12. axb5 axb5 13. Rxa8 Bxa8 14. Bg5 h6 15. Bxf6 Qxf6 16. Bxb5 Rc8 17. Nc3 Nc6 18. Nd5 Qd6 19. Bc4 Na5 20. Ba2 Nc6 21. Ne3 Bxe3 22. Qxe3 Qb4 23. Qb3 Qxb3 24. Bxb3 Rb8 25. Bd5 Rxb2 26. Nxe5 1/2-1/2

[Event "IECC M1-2011.T013"]
[Site "IECC email"]
[Date "2011.02.19"]
[Round "?"]
[White "Baker, Matthew JD"]
[Black "Koh, Kah Huat"]
[Result "0-1"]
[WhiteElo "1585"]
[BlackElo "1565"]
[PlyCount "50"]
[EventDate "2011.??.??"]
[EventType "match (corr)"]
[EventRounds "2"]
[SourceTitle "Telechess CBM 145"]
[Source "Chessbase"]
[SourceDate "2011.11.11"]
[SourceVersion "1"]
[SourceVersionDate "2011.11.11"]
[SourceQuality "1"]
[WhiteTeam "US of America"]
[BlackTeam "Singapore"]
[WhiteTeamCountry "USA"]
[BlackTeamCountry "SIN"]

1. e4 d6 2. d4 Nf6 3. Nc3 g6 4. Be3 Bg7 5. Qd2 c6 6. f3 Nbd7 7. g4 b5 8. Nh3 Nb6 9. b3 b4 10. Ne2 a5 11. a3 bxa3 12. Rxa3 a4 13. Qc3 Bb7 14. Bg2 Nfd7 15. 0-0 c5 16. Nhf4 0-0 17. Nd3 cxd4 18. Nxd4 d5 19. Rc1 Rc8 20. Qa5 axb3 21. Rxb3 dxe4 22. fxe4 Nc4 23. Qe1 Nf6 24. Rxb7 Nxe3 25. Qxe3 Nxg4 0-1

[Event "IECC M1-2011.T013"]
[Site "IECC email"]
[Date "2011.02.19"]
[Round "?"]
[White "Koh, Kah Huat"]
[Black "Baker, Matthew JD"]
[Result "1-0"]
[WhiteElo "1547"]
[BlackElo "1603"]
[PlyCount "47"]
[EventDate "2011.??.??"]
[EventType "match (corr)"]
[EventRounds "2"]
[SourceTitle "Telechess CBM 145"]
[Source "Chessbase"]
[SourceDate "2011.11.11"]
[SourceVersion "1"]
[SourceVersionDate "2011.11.11"]
[SourceQuality "1"]
[WhiteTeam "Singapore"]
[BlackTeam "US of America"]
[WhiteTeamCountry "SIN"]
[BlackTeamCountry "USA"]

1. d4 g6 2. c4 Bg7 3. Nc3 d6 4. e4 e5 5. dxe5 dxe5 6. Qxd8+ Kxd8 7. Nf3 Nc6 8. Bg5+ f6 9. 0-0-0+ Bd7 10. Be3 Kc8 11. c5 Be6 12. Be2 Nh6 13. h3 f5 14. Ng5 Bd7 15. f4 exf4 16. Bxf4 Bxc3 17. bxc3 fxe4 18. Nxe4 Nf5 19. Nf6 Be6 20. Rhe1 Rd8 21. Nxh7 Rxd1+ 22. Rxd1 Ng7 23. Nf8 Kb8 24. Bh6 1-0

[Event "IECC O-3214"]
[Site "IECC email"]
[Date "2010.08.26"]
[Round "?"]
[White "Basson, Heinrich"]
[Black "Koh, Kah Huat"]
[Result "0-1"]
[WhiteElo "1615"]
[BlackElo "1503"]
[PlyCount "56"]
[EventDate "2010.??.??"]
[EventType "swiss (corr)"]
[EventRounds "2"]
[SourceTitle "Telechess CBM 149"]
[Source "ChessBase"]
[SourceDate "2012.07.17"]
[SourceVersion "1"]
[SourceVersionDate "2012.07.17"]
[SourceQuality "1"]
[WhiteTeam "South Africa"]
[BlackTeam "Singapore"]
[WhiteTeamCountry "RSA"]
[BlackTeamCountry "SIN"]

1. d4 d6 2. c4 g6 3. Nc3 Bg7 4. e3 f5 5. Nf3 Nf6 6. Qb3 c5 7. dxc5 dxc5 8. Be2 0-0 9. 0-0 e6 10. Bd2 Nc6 11. Rad1 b6 12. Ng5 h6 13. Bf3 Qe8 14. Nb5 hxg5 15. Nc7 Qd7 16. Nxa8 g4 17. Nxb6 axb6 18. Bc3 Qc7 19. Bxc6 Qxc6 20. Be5 Ne4 21. Bxg7 Kxg7 22. Qd3 Rh8 23. f3 gxf3 24. gxf3 Qc7 25. Qc2 Ng5 26. Qc3+ Kg8 27. Qd2 Qe5 28. Qe2 Kg7 0-1

[Event "IECC O-3109"]
[Site "IECC email"]
[Date "2010.03.16"]
[Round "?"]
[White "Koh, Kah Huat"]
[Black "Von Rosenberg, Clemens"]
[Result "1-0"]
[WhiteElo "1444"]
[BlackElo "1370"]
[PlyCount "73"]
[EventDate "2010.??.??"]
[EventType "swiss (corr)"]
[EventRounds "2"]
[SourceTitle "Telechess CBM 149"]
[Source "ChessBase"]
[SourceDate "2012.07.17"]
[SourceVersion "1"]
[SourceVersionDate "2012.07.17"]
[SourceQuality "1"]
[WhiteTeam "Singapore"]
[BlackTeam "Germany"]
[WhiteTeamCountry "SIN"]
[BlackTeamCountry "GER"]

1. d4 Nf6 2. c4 g6 3. Nc3 Bg7 4. e4 d6 5. Nf3 0-0 6. Be2 e5 7. d5 a5 8. Bg5 h6 9. Bh4 Na6 10. Nd2 g5 11. Bg3 Nxe4 12. Ndxe4 f5 13. 0-0 fxe4 14. Nxe4 Bf5 15. f3 b6 16. Bf2 Nc5 17. Bxc5 bxc5 18. Bd3 Rb8 19. Rb1 Qe8 20. Qc2 Qf7 21. Ng3 Bxd3 22. Qxd3 a4 23. Ne4 Qf4 24. Rf2 Rb4 25. Re1 Rfb8 26. Qc3 Ra8 27. Rfe2 Kh8 28. h3 Ra7 29. g3 Qf5 30. Rh2 Ra8 31. g4 Qf4 32. h4 gxh4 33. Rxh4 Rab8 34. Re2 Rf8 35. Rh3 Kg8 36. Rg2 Rb7 37. g5 1-0

[Event "IECC O-3030"]
[Site "IECC email"]
[Date "2009.09.16"]
[Round "?"]
[White "Koh, Kah Huat"]
[Black "Laramore, Victor"]
[Result "1-0"]
[WhiteElo "1414"]
[BlackElo "1556"]
[PlyCount "115"]
[EventDate "2009.??.??"]
[EventType "swiss (corr)"]
[EventRounds "2"]
[SourceTitle "Telechess CBM 137"]
[Source "ChessBase"]
[SourceDate "2010.07.15"]
[SourceVersion "1"]
[SourceVersionDate "2010.07.15"]
[SourceQuality "1"]
[WhiteTeam "Singapore"]
[BlackTeam "US of America"]
[WhiteTeamCountry "SIN"]
[BlackTeamCountry "USA"]

1. d4 d5 2. c4 c6 3. Nf3 Nf6 4. e3 Bg4 5. Qb3 Bxf3 6. Qxb7 Bxg2 7. Bxg2 Nbd7 8. Nc3 e6 9. c5 Qc8 10. Qxc8+ Rxc8 11. b4 g5 12. b5 cxb5 13. Nxb5 a6 14. Nc3 Kd8 15. Bf1 Rc6 16. Rb1 Bd6 17. Bd2 Bc7 18. Rb7 Re8 19. Bd3 h6 20. Ra7 e5 21. 0-0 Bb8 22. Ra8 Ke7 23. Rxa6 Rxa6 24. Bxa6 Nf8 25. Rb1 Ne6 26. Rb7+ Kf8 27. Ne2 exd4 28. exd4 Bc7 29. a4 Ra8 30. Bb5 Kg7 31. Kg2 Ba5 32. Bxa5 Rxa5 33. f3 Ra8 34. Kf2 h5 35. Ke3 Nd8 36. Re7 Ne6 37. Ng3 Kf8 38. Rb7 Ng7 39. Kd3 h4 40. Nf1 Ne6 41. Ne3 Nd8 42. Rb6 Ne6 43. Nf5 Kg8 44. c6 Kh7 45. Rb7 Ne8 46. Rd7 N8c7 47. Kc3 Kg6 48. Ne7+ Kf6 49. Nxd5+ Nxd5+ 50. Rxd5 Ra7 51. Kb4 Ke7 52. a5 Nf4 53. Rd7+ Rxd7 54. cxd7 Kd8 55. a6 Nd5+ 56. Kc5 Nc7 57. a7 f5 58. d5 1-0